| 000 | 00000nam##2200000za#4500 |
| 001 | 9.574055 |
| 003 | CaOODSP |
| 005 | 20230501141950 |
| 007 | cr ||||||||||| |
| 008 | 150406|2001||||xxc|||||o f|0| 0 eng|d |
| 022 | |a1488-5379 |
| 040 | |aCaOODSP|beng |
| 043 | |an-cn--- |
| 086 | 1 |aFs97-6/2375E-PDF |
| 110 | 2 |aMaurice Lamontagne Institute. |
| 245 | 10|aSpatial and temporal variation of domoic acid in molluscs and of Pseudo-nitzschia spp. blooms in the St. Lawrence from 1998 to 2000 / |h[electronic resource]|cby J.Y. Couture ... [et al.]. |
| 260 | |aMont-Joli - Quebec : |bFisheries and Oceans Canada. |cc2001. |
| 300 | |a33p.|bfigs., graphs, maps, references, tables |
| 490 | 1 |aCanadian technical report of fisheries and aquatic sciences|x1488-5379|vNo. 2375 |
| 500 | |aThe catalogue number (Fs97-6/2375E) and ISSN (0706-6457) for the print edition have been incorrectly copied in this electronic publication. |
| 546 | |a(Résumé en français) |
| 590 | |a12-22-Supp|b2012-05-24 |
| 720 | 1 |aCouture, J. Y. |
| 775 | 08|tVariations spatiales et temporelles des concentrations d'acide domoïque dans les mollusques et des abondances de Pseudo-nitzschia spp. dans le Saint-Laurent de 1998 à 2000 / |w(CaOODSP)9.604040 |
| 776 | 0#|tSpatial and temporal variation of domoic acid in molluscs and of Pseudo-nitzschia spp. blooms in the St. Lawrence from 1998-2000 / |w(CaOODSP)9.616075 |
| 830 | #0|aCanadian technical report of fisheries and aquatic sciences,|x1488-5379|vNo. 2375|w(CaOODSP)9.504449 |
| 856 | 40|ahttp://publications.gc.ca|qPDF|s2.19 MB|uhttps://publications.gc.ca/collections/collection_2012/mpo-dfo/Fs97-6-2375-eng.pdf|yNo. 2375 |